Estatísticas para Municípios de Alagoas em um Mapa

Clique aqui para jogar o quiz

Estatísticas Gerais

  • Esse quiz foi jogado 192 vezes
  • A pontuação média é 44 de 102

Respostas no mapa

Respostas codificadas por cores de uma escala verde-vermelha no mapa do quiz de acordo com a % correta abaixo.
Carregando ...
 

Estatísticas das Respostas

Município% Correto
Maceió
100%
Arapiraca
88%
Maragogi
67%
União dos Palmares
65%
Palmeira dos Índios
65%
Penedo
65%
Marechal Deodoro
63%
Santana do Ipanema
61%
Barra de São Miguel
61%
Coruripe
59%
Piranhas
59%
Atalaia
57%
São Miguel dos Campos
55%
Rio Largo
55%
Paripueira
55%
Pilar
55%
Delmiro Gouveia
53%
Anadia
53%
Roteiro
53%
Olho d'Água das Flores
53%
Murici
51%
Batalha
51%
Limoeiro de Anadia
49%
Pão de Açúcar
49%
Satuba
49%
Estrela de Alagoas
49%
Barra de Santo Antônio
49%
São Miguel dos Milagres
47%
Porto Real do Colégio
47%
Coqueiro Seco
47%
Feliz Deserto
45%
Pariconha
45%
Capela
45%
Jacaré dos Homens
45%
São Sebastião
45%
Igaci
45%
Olho d'Água do Casado
43%
Piaçabuçu
43%
Quebrangulo
43%
Minador do Negrão
43%
Messias
43%
Mata Grande
43%
Maribondo
43%
Porto de Pedras
43%
Água Branca
43%
Viçosa
43%
Branquinha
43%
Canapi
43%
Inhapi
43%
Japaratinga
43%
Boca da Mata
43%
Belém
43%
Santana do Mundaú
41%
Flexeiras
41%
Campo Alegre
41%
Junqueiro
41%
Dois Riachos
41%
Maravilha
39%
Jequiá da Praia
39%
São Brás
39%
Porto Calvo
39%
Coité do Noia
39%
Olivença
39%
Santa Luzia do Norte
37%
Teotônio Vilela
37%
Lagoa da Canoa
37%
Matriz de Camaragibe
37%
Major Izidoro
37%
Novo Lino
37%
Igreja Nova
37%
Girau do Ponciano
35%
Taquarana
35%
Mar Vermelho
35%
Passo de Camaragibe
35%
Craíbas
35%
Joaquim Gomes
35%
São José da Tapera
35%
Chã Preta
35%
Jaramataia
35%
Cacimbinhas
33%
Palestina
33%
Belo Monte
33%
Cajueiro
33%
Senador Rui Palmeira
33%
Feira Grande
33%
Traipu
33%
Carneiros
31%
São José da Laje
31%
Pindoba
31%
São Luís do Quitunde
31%
Ibateguara
31%
Monteirópolis
29%
Olho d'Água Grande
29%
Campo Grande
29%
Campestre
27%
Ouro Branco
27%
Jacuípe
24%
Jundiá
24%
Colônia Leopoldina
24%
Tanque d'Arca
22%
Poço das Trincheiras
22%
Paulo Jacinto
20%

Distribuição das Pontuações

Percentil de Números Respondidos

Porcentagem de Pessoas com Cada Pontuação

Sua Pontuação Histórica

Você não jogou esse quiz